Business organisation and management (Record no. 5638)

MARC details
000 -LEADER
fixed length control field 00475cam a2200181ua 4500
001 - CONTROL NUMBER
control field 6494
005 - DATE AND TIME OF LATEST TRANSACTION
control field 20260515114047.0
008 - FIXED-LENGTH DATA ELEMENTS--GENERAL INFORMATION
fixed length control field 131216n ii |||gr||||Z||||||eng
040 ## - CATALOGING SOURCE
Transcribing agency MAIN
082 ## - DEWEY DECIMAL CLASSIFICATION NUMBER
Classification number 338.7
245 11 - TITLE STATEMENT
Title Business organisation and management
Statement of responsibility, etc. By Shanti Mehta
260 ## - PUBLICATION, DISTRIBUTION, ETC.
Place of publication, distribution, etc. Delhi:
Name of publisher, distributor, etc. Ajanta prakashan,
Date of publication, distribution, etc. 1984.
300 ## - PHYSICAL DESCRIPTION
Extent viii,209p.
653 ## - INDEX TERM--UNCONTROLLED
Uncontrolled term Commerce
653 ## - INDEX TERM--UNCONTROLLED
Uncontrolled term Business organisation and management
700 1# - ADDED ENTRY--PERSONAL NAME
Personal name Mehta,Shanti,
Relator term Author.
942 ## - ADDED ENTRY ELEMENTS (KOHA)
Koha item type Books
Holdings
Withdrawn status Lost status Damaged status Not for loan Home library Current library Shelving location Date acquired Total checkouts Full call number Barcode Date last seen Copy number Price effective from Koha item type
        Naharkatiya College Library Naharkatiya College Library General stacks 09/19/2020   338.7 | MEH 20000 09/19/2020 1 09/19/2020 Books